| 000 | 00597nam a22001817a 4500 | ||
|---|---|---|---|
| 020 | _a9693525655 | ||
| 082 |
_a956.91 _bNAU |
||
| 100 | _aNomani, Shibli | ||
| 245 |
_aروم و مصر و شام / _cShibli Nomani |
||
| 260 |
_aلاہور ; _bsung e mill, _c2012. |
||
| 300 |
_a160p. : _c29cm. |
||
| 563 | _aHB | ||
| 650 |
_aسفرنامے — اسلامی دنیا _9129525 |
||
| 880 |
_6100-01\(3\r _aشبلی نعمانی |
||
| 880 |
_6245-02\(3r _aروم و مصر و شام / _bشبلی نعمانی |
||
| 880 |
_6260-03\(3r _aلاہور ; _bسنگِ میل, _c2012 |
||
| 942 |
_2ddc _cBK |
||
| 999 |
_c614166 _d614166 |
||